| 000 | 005230000a22001810004500 | ||
|---|---|---|---|
| 090 |
_aAR _b00176 |
||
| 245 | 1 | 0 | _aImmature little gull in South America |
| 650 | 1 | 4 |
_aAves _992429 |
| 650 | 1 | 4 |
_aMorfología _992917 |
| 650 | 1 | 4 |
_aMigraciones de aves _993017 |
| 653 |
_gLarus _eLarus minutus _Gaviotas |
||
| 041 | 0 | _aInglés | |
| 700 | 1 |
_aNaranjo Henao, Luis Germán _93891 |
|
| 700 | 1 |
_aTessier, Gaston D. _993055 |
|
| 100 | 1 |
_aBlokpoel, Hans _993056 |
|
| 942 | _cARTICULO | ||
| 773 | 1 |
_tAmerican Birds _31218 _h3 _q372-374 _d1984 _g38 |
|
| 999 |
_c9277 _d9277 |
||